Normal view
MARC view
Entry Personal Name
001 - CONTROL NUMBER
- control field: 18564
003 - CONTROL NUMBER IDENTIFIER
- control field: OSt
005 - DATE AND TIME OF LATEST TRANSACTION
- control field: 20201012170522.0
008 - FIXED-LENGTH DATA ELEMENTS
- fixed length control field: 201012|| aca||aabn | a|a d
040 ## - CATALOGING SOURCE
- Original cataloging agency: OSt
- Transcribing agency: OSt
100 ## - HEADING--PERSONAL NAME
- Personal name: Wettstein, Gal
670 ## - SOURCE DATA FOUND
- Source citation: Work cat.: (OSt): Wettstein, Gal, Retirement lock and prescription drug insurance: evidence from Medicare Part D
